| 000 | 00441nam a2200181Ia 4500 | ||
|---|---|---|---|
| 008 | 230524s9999 xx 000 0 und d | ||
| 020 | _a9788120317239 | ||
| 082 |
_a652.73 _bNIG |
||
| 100 | _aB.M.Lall Nigam | ||
| 245 | 0 | _aCost Accounting Principles and Practice | |
| 250 | _aIST | ||
| 260 |
_aNEW DELHI _bPHI _c2009 |
||
| 300 | _aX;1164 | ||
| 500 | _aQuantity Number: 3 | ||
| 650 | _aManagement | ||
| 700 | _a I.C.Jain | ||
| 942 | _cBK | ||
| 999 |
_c43321 _d43321 |
||